Online Catalogue and eLibrary

Wesak mal (Record no. 3338)

MARC details
000 -LEADER
fixed length control field 00402nam a2200169Ia 4500
005 - DATE AND TIME OF LATEST TRANSACTION
control field 20241021040556.0
008 - FIXED-LENGTH DATA ELEMENTS--GENERAL INFORMATION
fixed length control field 240331s9999 xx 000 0 und d
082 ## - DDC Classification
Item Number - Author Mark HET
Class No. 821
100 ## - MAIN ENTRY--PERSONAL NAME
Personal name Hettiarachchi,S
245 #0 - TITLE STATEMENT
Title Wesak mal
260 ## - PUBLICATION, DISTRIBUTION, ETC.
Place of publication, distribution, etc. Colombo
Name of publisher, distributor, etc. M.D. Gunasena & Co., Ltd
Date of publication, distribution, etc. 1964
300 ## - PHYSICAL DESCRIPTION
Extent (e.g. Volumes, Pages etc.) 20 p .,
650 ## - SUBJECT ADDED ENTRY--TOPICAL TERM
Topical term or geographic name entry element Buddhist
650 ## - SUBJECT ADDED ENTRY--TOPICAL TERM
Topical term or geographic name entry element Buddhist language
650 ## - SUBJECT ADDED ENTRY--TOPICAL TERM
Topical term or geographic name entry element Engilsh
942 ## - Koha item type (Biblio)
Koha item type Books in Stacks (Lending)
Holdings
Lost status Damaged status Collection code Home library Current library Shelving location Date acquired Full call number Accession Number Item type
    Lending WERC Library WERC Library Social Science Cupboard 03/31/2024 821 HET 179 Books in Stacks (Lending)

© WERC Library